00855nam a2200265 a 4500003000900000005001700009008004100026040001300067100002700080245005200107250001200159260003300171300001100204490005900215504003100274650003000305650003100335653002700366653002400393700003200417700002900449700003400478800004600512800003100558AR-BaBNM20251128203257.0082120s2002 ||||||||||||||000 | spa|| cAR-BaBNM1 aMac Ginitie, Walter H.00aLa comprensión del lenguaje en la educación a1ª ed. aBuenos AiresbPaidósc1975 a102 p. 0aBiblioteca del educador contemporáneo. Menorvv. 185 aBibliografía: p. 100-102 4aENSEÑANZA DE LA LECTURA 4aDESARROLLO DEL VOCABULARIO aENSENANZA DE LA LENGUA aCOMPRENSION LECTORA1 aDavitz, Joel R.ecompilador1 aBall, Samuelecompilador1 aMizraji, Margaritaetraductor1 aRomero Brest, Gilda Lamarque deedirector1 aBernstein, Jaimeedirector